| 000 | 01370nam a2200241Ia 4500 | ||
|---|---|---|---|
| 003 | Ost | ||
| 005 | 20260507075345.0 | ||
| 008 | 260507s9999||||xx |||||||||||||| ||und|| | ||
| 020 | _a82414229779 | ||
| 040 | _cfsecg | ||
| 041 | _aara | ||
| 082 | _a330 | ||
| 100 |
_aعبد الرزاق، محمود حامد محمود _eمؤلف |
||
| 245 | 0 |
_aالأزمة المالية العالمية ودور النظام المالي الإسلامي : _bبالتطبيق على الإقتصاد العربي / _c محمود حامد محمود عبد الرزاق |
|
| 260 |
_aالإسكندرية: _bالدار الجامعية, _c2013 |
||
| 300 |
_a341 صفحة؛ _bمصور؛ جداول _c24 سم |
||
| 520 | _aالإطار النظري- الأزمة المالية العالمية- الإقتصاد العربي- النظام الإقتصادي والمالي الإسلامي- دور النظام المالي الإسلامي في مواجهة الأزمة- المؤسسات النقدية المصرفية الإسلامية- السياسة المالية في النظام المالي الإسلامي- ملخص ونتائج وتوصيات | ||
| 653 | _aالأزمات الإقتصادية | ||
| 653 | _aالأزمة المالية العالمية | ||
| 653 | _aالإقتصاد الإسلامي | ||
| 653 | _aالنظام المالي | ||
| 942 | _cكتاب | ||
| 999 |
_c44108 _d44108 |
||